| 000 | 01276nam2a22002891 4500 | ||
|---|---|---|---|
| 001 | v19\rc\1904264 | ||
| 005 | 20251118180522.3 | ||
| 035 | _a(NLR Aleph) 004992349 | ||
| 090 |
_a6299508 _c6299508 |
||
| 100 | _a20080404d1922 u y0rusy50 ca | ||
| 101 | 0 | _arus | |
| 102 | _aRU | ||
| 105 | _ab z ||||| | ||
| 200 | 1 | _aОтчет об исследовании болот Богородского уезда Московской губернии | |
| 210 | _d1922 | ||
| 215 | _a40 с., 2 л. карт. | ||
| 461 | 0 |
_1001v19\rc\1904249 _12001#$aМатериалы по опытному делу Московской губернии$eВып. 1-$fМоск. губ. земство. Орг. по опыт. делу$vВып. 15 _96299354 _cМосква _d1911-1922 _fМоск. губ. земство. Орг. по опыт. делу _nМоск. губ. земская управа _oВып. 1- _tМатериалы по опытному делу Московской губернии _vВып. 15 |
|
| 700 | 1 |
_aКац _bН.Я. |
|
| 801 | 0 |
_aRU _bNLR _gpsbo |
|
| 801 | 0 |
_aRU _bRuMoRGB _2psbo |
|
| 801 | 1 |
_aRU _bProSoft-M _2rusmarc |
|
| 852 |
_aNLR _bЗем _j21/6 |
||
| 899 |
_aRuMoRGB _jV 286/657 |
||
| 899 |
_aRuMoRGB _jU 299/69 |
||
| 899 |
_aRuMoRGB _jV 286/1014 |
||
| 942 | _cBOOK | ||
| 980 | _aNB | ||